Tilastot visalle FCI koirarodut

Klikkaa tästä pelataksesi tätä visaa!

Yleistilastot

  • Tätä visaa on pelattu 624 kertaa
  • Keskiarvotulos 122 / 364

Vastaustilastot

RyhmäVastaus% Oikein
Kkultainennoutaja
78%
Ssuomenajokoira
76%
Ssuomenpystykorva
76%
Llabradorinnoutaja
73%
Aaustralianpaimenkoira
70%
Bbordercollie
70%
Ssuomenlapinkoira
68%
Cchihuahua
67%
Aalaskanmalamuutti
66%
Bberninpaimenkoira
66%
Wwhippet
63%
FCI 10afgaaninvinttikoira
62%
Kkarjalankarhukoira
62%
Rrottweiler
62%
Sshetlanninlammaskoira
62%
Ssiperianhusky
62%
FCI 5akita
61%
Kkiinanharjakoira
61%
Aaustraliankelpie
60%
Ddobermanni
60%
Ddalmatiankoira
59%
Llapinporokoira
59%
Ppinseri
59%
Eenglanninbulldoggi
58%
Nnovascotiannoutaja
58%
Aaustraliankarjakoira
57%
Eespanjanvesikoira
57%
Hharmaa norjanhirvikoira
57%
Iirlanninsusikoira
57%
Jjackrusselinterrieri
57%
Kkääpiöpinseri
57%
Ppumi
57%
Vvenäjänvinttikoira
57%
Bbelgianpaimenkoirat
56%
Iitalianvinttikoira
56%
Sshiba
56%
Ffaaraokoira
55%
Mmopsi
55%
Ppuli
55%
Rranskanbulldoggi
55%
Ttiibetinspanieli
55%
FCI 4mäyräkoirat
54%
Rruotsinlapinkoira
54%
Ssamojedinkoira
54%
Vvanhaenglanninlammaskoira
54%
Aaustralianterrieri
53%
Bbullterrieri
53%
Jjapaninpystykorva
53%
Mmaltankoira
53%
Ssaksanpaimenkoirat
53%
Aamerikanakita
52%
Bbeagle
52%
Ccockerspanieli
52%
Mmastiffi
52%
Ssaluki
52%
Vvalkoinenpaimenkoira
52%
Wwelsh corgi cardigan
52%
Wwelsh corgi pembroke
52%
Bbostoninterrieri
51%
Eenglanninspringerspanieli
51%
Eenglanninvinttikoira
51%
Sstaffordshirenbullterrieri
51%
Vvillakoirat
51%
Jjämtlanninpystykorva
50%
Pportugalinvesikoira
50%
Aamerikanstaffordshirenterrieri
49%
Ccairnterrieri
48%
Hhavannankoira
48%
Iitäsiperianlaika
48%
Ppohjanpystykorva
48%
Ssileäkarvainen noutaja
48%
Vvalkoinen länsiylämaanterrieri
48%
Bbull mastiffi
47%
Ddreeveri
47%
Ggordoninsetteri
47%
Kkiinanpalatsikoira
47%
Nnewfoundlandinkoira
47%
Ppartacollie
47%
Ppyreneittenkoira
47%
Wwalesinspringerspanieli
47%
FCI 9bichon frise
46%
Cchow chow
46%
Ddogo argentino
46%
Mmudi
46%
Vvenäjänajokoira
46%
Vvihikoira
46%
FCI 3airedalenterrieri
45%
Bbasset hound
45%
Bborderterrieri
45%
Ccane corso
45%
Ccoton de tulear
45%
Eenglanninsetteri
45%
Kkiharakarvainen noutaja
45%
Llänsisiperianlaika
45%
Nnorwichinterrieri
45%
Ppapillon
45%
Ssaksanpystykorvat
45%
Sskotlanninterrieri
45%
Ssnautserit
45%
Ttiibetinmastiffi
45%
Aamerikankarvatonterrieri
44%
Bbokseri
44%
Bbouvier
44%
Nnapolinmastiffi
44%
Nnorfolkinterrieri
44%
Ttanskalais-ruotsalainen pihakoira
44%
Ttanskandoggit
44%
FCI 8amerikancockerspanieli
43%
Aapinapinseri
43%
Ccavalier kingcharlesinspanieli
43%
Iirlanninterrieri
43%
Pparsonrussellinterrieri
43%
Ppk collie
43%
Ppunainen irlanninsetteri
43%
Ssaksanmetsästysterrieri
43%
Ssilkkiterrieri
43%
Wwalesinterrieri
43%
Wweimarinseisojat
43%
Bbernhardinkoirat
42%
Hhollanninpaimenkoirat
42%
Kkomondor
42%
Ssk collie
42%
Sskotlanninhirvikoira
42%
Ttiibetinterrieri
42%
Vvenäjäntoy
42%
Bbasenji
41%
Eespanjanvinttikoira
41%
Kkerrynterrieri
41%
Ppointteri
41%
Uunkarinvinttikoira
41%
Aazawakh
40%
Eeestinajokoira
40%
Iislanninlammaskoira
40%
Llhasa apso
40%
Llk saksanseisoja
40%
Llunnikoira
40%
Ppunavalkoinen irlanninsetteri
40%
Sschipperke
40%
Ssloughi
40%
Aamerikankettukoira
39%
Cclumberinspanieli
39%
Eetnankoira
39%
Kkaukasiankoira
39%
Kkingcharlesinspanieli
39%
Kkk kettuterrieri
39%
Kkk saksanseisoja
39%
Llagotto romagnolo
39%
Lleonberginkoira
39%
Pphalene
39%
Pportugalinpodengo
39%
Ppuolanvinttikoira
39%
Sshih tzu
39%
Ttosa
39%
Ttsekinpaimenkoira
39%
Bbeaucenpaimenkoira
38%
Bbolognese
38%
Bbuhund
38%
Pprahanrottakoira
38%
Ssk kettuterrieri
38%
Vvenhäterrieri
38%
Ddandiedinmontinterrieri
37%
Eenglanninkääpiöterrieri
37%
Eespanjanmastiffi
37%
Ffieldspanieli
37%
Llakelandinterrieri
37%
Mmanchesterinterrieri
37%
Mmusta norjanhirvikoira
37%
Bbretoni
36%
Hhovawart
36%
Llandseer
36%
Sskyenterrieri
36%
Ssuursnautserit
36%
Aappenzellinpaimenkoira
35%
Bbergamasco
35%
Eenglanninkettukoira
35%
Jjapanese chin
35%
Kkääpiöbullterrieri
35%
Llänsigöötanmaanpystykorva
35%
Pperunkarvatonkoira
35%
Ppk saksanseisoja
35%
Sshar pei
35%
Yyorkshinterrieri
35%
Aamerikanrottaterrieri
34%
Jjapaninterrieri
34%
Kkääpiösnautserit
34%
Rrhodesiankoira
34%
Bbrasilianterrieri
33%
Bbrienpaimenkoira
33%
Cceskyterrieri
33%
Gglen of imaalinterrieri
33%
Ggrönlanninkoira
33%
Kkaanaankoira
33%
Kkanariandoggi
33%
Kkeskiaasiankoira
33%
Llk pyreneittenpaimenkoira
33%
Mmeksikonkarvatonkoira
33%
Ppicardienpaimenkoira
33%
Ppk pyreneittenpaimenkoira
33%
Vvolpino italiano
33%
Iibizanpodencot
32%
Ppesukarhukoira
32%
Ppyreneittenmastiffi
32%
Sshikoku
32%
Vvenäjänmustaterrieri
32%
Vviiriäiskoira
32%
Aaustralian töpöhäntäinen karjakoira
31%
Bbaijerinvuoristovihikoira
31%
Kkatalonianpaimenkoira
31%
Kkuvasz
31%
Vvalkoinen ruotsinhirvikoira
31%
Aamerikankääpiökettuterrieri
30%
Aanatoliankoira
30%
Iirlanninvesispanieli
30%
Kkishu
30%
FCI 2aidi
29%
Aamerikanvesispanieli
29%
Bbedlingtoninterrieri
29%
Bbilly
29%
Eetelävenäjänkoira
29%
Hhamiltoninajokoira
29%
Hhokkaido
29%
Iitävallanpinseri
29%
Ssealyhaminterrieri
29%
Ssussexinspanieli
29%
FCI 6alppienajokoira
28%
Aamerican eskimo dog
28%
Bbordeauxindoggi
28%
Ggriffon bruxellois
28%
Hharjaskarvainen saksanseisoja
28%
Hharrieri
28%
FCI 1ardennienkarjakoira
27%
Bbarbet
27%
Eeurasier
27%
Ggriffon belge
27%
Iisosveitsinpaimenkoira
27%
Ppuolanajokoira
27%
Tthai ridgeback
27%
Iitalianseisoja
26%
Kkainkoira
26%
Kkanarianpodenco
26%
Kkarpaattienkoira
26%
Kkreikanajokoira
26%
Mmallorcandoggi
26%
Rromanianpaimenkoira
26%
Ttaiwaninkoira
26%
Vvillakoirapointteri
26%
Hhollanninrottakoira
25%
Tthaimaanpystykorva
25%
Vvenäjänbolonka
25%
Eestrelanvuoristokoirat
24%
Ffila brasileiro
24%
Iisomunsterinseisoja
24%
Iitäeuroopanpaimenkoira
24%
Kkooikerhondje
24%
Klk italianajokoira
24%
Mmallorcan paimenkoira
24%
Ppicardienspanieli
24%
Ppienileijonakoira
24%
Ppienimunsterinseisoja
24%
Ssaksanajokoira
24%
Ssaukkokoira
24%
Ssininenpicardienspanieli
24%
Sspinone
24%
Ttenterfieldinterrieri
24%
Vvenäläis-eurooppalainen laika
24%
Ffriisinvesikoira
23%
Kkk italianajokoira
23%
Kkopo
23%
Kkroatianpaimenkoira
23%
Llancashirenkarjakoira
23%
Rranskanseisoja, gascognelaistyyppi
23%
Rranskanseisoja, pyreneläistyyppi
23%
Ssaarloos wolfhond
23%
Aandalusianrottakoira
22%
Bbeagle harrier
22%
Ggotlanninajokoira
22%
Hhollanninpeltopyykoira
22%
Kkk istrianajokoira
22%
Klk istrianajokoira
22%
Pporcelaine
22%
Eentlebuchinpaimenkoira
21%
Llk unkarinvizsla
21%
Ppetit brabancon'
21%
Ssmoolanninajokoira
21%
Cchesapeakelahdennoutaja
20%
Kkarstinpaimenkoira
20%
Kkk unkarinvizsla
20%
Ppoitevin
20%
Sschapendoes
20%
Ttsekinseisoja
20%
Aalentejonkoira
19%
Bbroholminkoira
19%
Bbukovinankoira
19%
Ddunkerinajokoira
19%
Hhälleforsinkoira
19%
Iitävallanajokoira
19%
Mmaremmano-abruzzese
19%
Sserra de airesinpaimenkoira
19%
Ssveitsinajokoirat
19%
Vvanhatanskankanakoira
19%
Eenglantilais-venäläinen ajokoira
18%
Ppienetsveitsinajokoira
18%
Rranskanspanieli
18%
Ssaplaninac
18%
Sslovakiancuvac
18%
Uuruguayn cimarron
18%
Bbasset artesien normand
17%
Bbourbonnaisinseisoja
17%
Hhannoverinvihikoira
17%
Kkoreanjindonkoira
17%
Mmontenegronajokoira
17%
Pplottinajokoira
17%
Pportugalinseisoja
16%
Bburgosinseisoja
15%
Bbretagnenbassetti
14%
Ggrand basset griffon vendeen
14%
Ppetit basset griffon vendeen
14%
Sschillerinajokoira
13%
Sslovakianajokoira
13%
Sstabijhoun
13%
Ttornjak
12%
FCI 7auvergnenseisoja
11%
Ggrand griffon vendeen
11%
Hhaldeninajokoira
11%
Pposavinanajokoira
11%
Hhygeninajokoira
10%
Kkk slovakianseisoja
10%
Ssao miguelinfila
10%
Ccastro laboreironkoira
9%
Ggascognenbassetti
9%
Aariegeois
8%
Iiso gascognenajokoira
8%
Kkromfohrländer
6%
Ggriffon nivernais
5%
Ttiroler bracke
5%
Cceskoslovensky vlcak
4%
Ppont-audemerinspanieli
4%
Ssabueso espanol
4%
Kkorthalsingriffoni
3%
Oowczarek podhalanski
3%
Ppolski owczarek nizinny
2%
Ggriffon bleu de gascogne
1%
Aanglo-francais de petite venerie
0%
Bbluetick coonhound
0%
Bbosanski ostrodlaki gonic barak
0%
Bbraque de l'ariege
0%
Bbraque saint-germain
0%
Bbriquet griffon vendeen
0%
Cchien d'artois
0%
Ffrancais blanc et noir
0%
Ffrancais blanc et orange
0%
Ffrancais tricolore
0%
Ggonzcy polski
0%
Ggrand anglo-francais blanc et noir
0%
Ggrand anglo-francais blanc et orange
0%
Ggrand anglo-francais tricolore
0%
Ggrand gascon saintongeois
0%
Ggriffon fauve de bretagne
0%
Ppetit bleu de gascogne
0%
Ppetit gascon saintongeois
0%
Ssrpski gonic
0%
Ssrpski planinski gonic
0%
Ssrpski trobojni gonic
0%
Ssteirische rauhhaarbracke
0%

Tulosjakauma

Persentiili vastausten määrän mukaan

Jokaisen tuloksen saaneiden osuus

Tuloshistoriasi

Et ole pelannut tätä visaa